000 00203 a2200097 4500
001 10128
100 _aBarnett, A D
245 _aCummunist China and Asia
260 _a
_bHarper
_c
090 _c7874
_d7874
942 _aNUST-CAE
_cM
_c34571
999 _c245201
_d245201